Statistics for Mal's General Knowledge 28

Click here to take the quiz!

General Stats

  • This quiz has been taken 72 times
  • The average score is 8 of 20

Answer Stats

Hint Answer % Correct
Wellington is the Capital City of which Country?New Zealand
89%
The 5 Olympic Rings are coloured Blue, Green, Red , Yellow, and what other colour?Black
83%
Which French City has the greatest population after Paris?Marseille
68%
What is a 'Plantain'?Banana
68%
What is the only fruit whose seeds grow on the outside?Strawberry
63%
What letter does not appear anywhere on the periodic table of the elements?J
63%
In which Capital City was Charlie Chaplin born?London
60%
What Blood Type is known in 'Blood Transfusion' as the Universal Recipient?AB
52%
How many sovereign countries are in Africa (as per jet punk countries of the world)?54
46%
Who was the youngest man to win the Wimbledon Tennis Championship at 17 years old?Boris Becker
44%
What is the Birthday Gemstone for May?Emerald
38%
The smallest African Country is?Seychelles
33%
What is the sum of all numbers from 1 to 100 inclusive?5050
22%
In the Harry Potter series, what is the name of caretaker Argus Filch's cat?Mrs Norris
16%
What name is given to Tchaikovsky's Symphony No. 6?Pathetique
10%
Dinara (1830m) is the highest mountain of which Country?Croatia
8%
The 'manatee' and which land mammal has more than 7 cervical vertebrae?Sloth (3 toed)
6%
Who invented the 'Thermos Flask'?Sir James Dewar
5%
(Apart from 'We are One') what is the inscription on the first official US coin, designed by B. Franklin?"Mind Your Business"
2%
The most massive (heaviest) star visible to the naked eye is?Alnilam (Epsilon Orionis)
0%

Score Distribution

Percentile by Number Answered

Percent of People with Each Score

Your Score History

You have not taken this quiz